<?xml version="1.0" encoding="UTF-8"?>
<record
    xmlns:xsi="http://www.w3.org/2001/XMLSchema-instance"
    xsi:schemaLocation="http://www.loc.gov/MARC21/slim http://www.loc.gov/standards/marcxml/schema/MARC21slim.xsd"
    xmlns="http://www.loc.gov/MARC21/slim">

  <leader>00329    a2200109   4500</leader>
  <controlfield tag="001">ART_46933</controlfield>
  <controlfield tag="005">20260410162041.0</controlfield>
  <controlfield tag="008">260409a                                 </controlfield>
  <datafield tag="245" ind1="1" ind2="0">
    <subfield code="a">Inconstitucional reforma del Tribunal Fiscal de la Naci&#xF3;n</subfield>
  </datafield>
  <datafield tag="100" ind1="1" ind2=" ">
    <subfield code="a">Spisso, Rodolfo Roque</subfield>
  </datafield>
  <datafield tag="773" ind1="0" ind2=" ">
    <subfield code="t">Impuestos</subfield>
    <subfield code="g">- N&#xB0;32 (jul. 2018)</subfield>
    <subfield code="w">REV45175</subfield>
  </datafield>
  <datafield tag="999" ind1=" " ind2=" ">
    <subfield code="c">34883</subfield>
    <subfield code="d">34883</subfield>
  </datafield>
</record>
